00917cam a2200253 a 450000100100000000500170001000800410002702000310006802000240009902000240012303500190014704000300016604300120019608200200020824500890022826000510031730000340036850400700040250500550047261000410052765000430056870000200061171000320063100000649920200929153936.0970604s1995 ck ac b f001 0 spa  a9586122360 (obra completa) a9586122379 (tomo 1) a9586122387 (tomo 2) a(DLC) 97158133 aDO-SdBNPbspacDLCdBNPHU as-ck--- a069.09861bI89m00aItinerario del Museo Nacional de Colombia, 1823-1994 /cMartha Segura [compiladora]. aBogotá :bMuseo Nacional de Colombia,c1995. a2 v. :bil., retrs. ;c23 cm. aIncluye referencias bibliográficas índices (v. 2, p. 307-314)0 at. 1. Cronología -- t. 2. Historia de las sedes.14aMUSEO NACIONAL DE COLOMBIAxHISTORIA 4aMuseo históricoxBogotá (colombia)1 aSegura, Martha.2 aMuseo Nacional de Colombia.